Захоплююча геометрія. (Запис № 17418)
[ простий вигляд ]
| 000 -Маркер запису | |
|---|---|
| Контрольне поле сталої довжини | 02565nam a22002657a 4500 |
| 003 - Належність контрольного номера | |
| Контрольне поле | Uzh_bibl |
| 008 - Кодовані дані | |
| Контрольне поле сталої довжини | 260421b |||||||| |||| 00| 0 ukr d |
| 020 ## - Індекс ISBN | |
| ISBN | 978-966-408-365-9 |
| Ціна | 164.25 |
| 040 ## - Джерело каталогіз. | |
| Код мови каталог. | укр. |
| 041 ## - Код мови видання | |
| Код мови оригіналу | російська |
| Код мови тексту | українська |
| 080 ## - Індекс УДК | |
| Індекс УДК | 514 |
| 090 ## - Шифри | |
| Поличний індекс | 514 |
| Авторський знак | П 27 |
| 100 ## - Автор | |
| Автор | Перельман, Яків |
| 245 ## - Назва | |
| Назва | Захоплююча геометрія. |
| Відповідальність | Пер. з рос. за ред. В.О. Тадеєва |
| Фізичний носій | Текст |
| 260 ## - Вихідні дані | |
| Місце видання | Тернопіль |
| Видавництво | Навчальна книга-Богдан |
| Дата видання | 2018 |
| 300 ## - Фізичний опис | |
| Обсяг | 288 с. |
| Ілл./тип відтвор. | Іл. |
| Тип одиниці | В опр. |
| 490 ## - Серія | |
| Назва серії | Класики популяризації науки; Країна Перельманія |
| 520 ## - Анотація | |
| Анотація | «Захоплююча геометрія» Якова Перельмана – одна з найзахопливіших книжок про геометрію. У ній ця наука, за словами самого автора, «відривається від класної дошки», з якою тісно пов’язувалася у свідомості пересічного читача, й виводиться у вільний простір – у ліс, поле, до річки, на дорогу, а згодом – у далекі моря та захмарні глибини простору. Часто ці розповіді ілюструються уривками з творів класиків літератури та висловами великих учених. Прочитавши книгу, читач знатиме незмірно більше про застосування геометрії, ніж про це можна довідатися з десятків «шкільних» підручників та посібників. Книгу перекладено багатьма мовами світу. Українською виходить уперше. Видання зацікавить не тільки тих, хто вже любить і займається математикою, а й усіх, хто хотів би мати про неї правдиве уявлення, зокрема, знати про її справжнє місце у нашому житті. |
| 521 ## - Примітка про цільове призначення | |
| Примітка про цільове призначення | Для широкого кола читачів |
| 546 ## - Примітка про мову | |
| Примітка про мову | укр. |
| 650 ## - Тематичні рубрики | |
| Основна рубрика | Навчальне видання |
| 653 ## - Ключові слова | |
| Ключові слова | Геометрія у лісі, полі, річці. |
| -- | Геометрія жартома. |
| 655 ## - Термін індексування — жанр/форма | |
| Жанр/форма | Математика |
| Типове ділення | Посібник |
| 942 ## - ADDED ENTRY ELEMENTS (KOHA) | |
| Джерело класифікації чи схема поличного розташування | |
| Koha item type | Книги |
| Статус вилучення | Статус втрати/відсутності | Джерело класифікації чи схема поличного розташування | Статус пошкодження | Тип обігу (не для випозичання) | Постійне розташування | Поточне розташування | Розташування у відділі | Дата надходження | Інвентарний номер | Total Checkouts | Повний (примірниковий) шифр зберігання | Штрих-код | Date last seen | Дата, для якої чинна ціна заміни | Тип одиниці (рівень примірника) |
|---|---|---|---|---|---|---|---|---|---|---|---|---|---|---|---|
| Бібліотека-філія № 1 для дітей | Бібліотека-філія № 1 для дітей | Читальна зала старший відділ | 21/04/2026 | 72405 | 514 | 16608 | 21/04/2026 | 21/04/2026 | Книги |